|
|
|
|
| LEADER |
00942nam a2200289 4500 |
| 001 |
DLU180184680 |
| 005 |
##20150425 |
| 040 |
# |
# |
|a DLU
|b vie
|
| 041 |
# |
# |
|a vie
|
| 044 |
# |
# |
|a vn
|
| 100 |
# |
# |
|a Nguyen Van Ha.
|
| 245 |
# |
# |
|a Manganese(III)-based reaction of 1,1-diarylethenes and 2,3-pyrrolidinediones. A simple route to 4-ethenyl- and 4-ethyl-2,3-pyrrolidinedione derivatives /
|c Nguyen Van Ha, Le Thi My Trinh.
|
| 653 |
# |
# |
|a 1,1-Diarylethenes
|
| 653 |
# |
# |
|a 2,3-Pyrrolidinediones
|
| 653 |
# |
# |
|a Manganese(III) oxidation
|
| 653 |
# |
# |
|a New 2,3-Pyrrolidinedione derivatives
|
| 700 |
# |
# |
|a Le Thi My Trinh.
|
| 773 |
# |
# |
|t Hóa học
|g Số 2, 2015, tr. 182-187
|
| 920 |
# |
# |
|a Phòng Tạp chí -- Trung tâm Thông tin - Thư viện Trường Đại học Đà Lạt
|
| 994 |
# |
# |
|a DLU
|
| 900 |
# |
# |
|a True
|
| 911 |
# |
# |
|a Hoàng Thị Huyền
|
| 925 |
# |
# |
|a G
|
| 926 |
# |
# |
|a A
|
| 927 |
# |
# |
|a BB
|
| 980 |
# |
# |
|a Thư viện Trường Đại học Đà Lạt
|